Readings in global marketing management /

Bibliographic Details
Main Author: Patty, C. Robert
Other Authors: Vredenburg, Harvey L.
Format: Book
Language:English
Published: New York : Appleton-Century-Crofts, [1969]
Subjects:

MARC

Tag First Indicator Second Indicator Subfields
LEADER 00000cam a2200000 4500
001 in00000209708
005 20151009060142.0
008 690724s1969 nyua b 00010 eng
010 |a  69015370  
020 |a 0390698385 
035 |a (OCoLC)00012352 
035 |9 AAX2809AM 
040 |a DLC  |c DLC  |d TXA  |d UtOrBLW 
049 |a TXAM  |c [433086] 
050 0 0 |a HF5415.13  |b .P35 
082 0 |a 658.8/008 
100 1 |a Patty, C. Robert. 
245 1 0 |a Readings in global marketing management /  |c edited by C. Robert Patty [and] Harvey L. Vredenburg. 
264 1 |a New York :  |b Appleton-Century-Crofts,  |c [1969] 
300 |a xix, 504 pages :  |b illustrations ;  |c 24 cm. 
336 |a text  |b txt  |2 rdacontent 
337 |a unmediated  |b n  |2 rdamedia 
338 |a volume  |b nc  |2 rdacarrier 
504 |a Includes bibliographical references. 
650 0 |a Marketing  |x Management. 
700 1 |a Vredenburg, Harvey L. 
999 |a MARS 
999 f f |s ea729a26-afb3-3ad7-b1dc-d1eee2ceead9  |i c629fd00-4736-3df2-9619-74c66dd171dc  |t 0 
952 f f |p ric  |a Texas A&M University  |b Rellis Campus  |c Joint Library Facility  |d Remote Storage  |t 0  |e HF5415.13 .P35  |h Library of Congress classification  |i unmediated -- volume  |m A14802792105 
998 f f |a HF5415.13 .P35  |t 0  |l Remote Storage